UBT Library

Biology: (Record no. 1929)

000 -LEADER
fixed length control field 00337nam a22001217a 4500
008 - FIXED-LENGTH DATA ELEMENTS--GENERAL INFORMATION
fixed length control field 160510b xxu||||| |||| 00| 0 eng d
020 ## - INTERNATIONAL STANDARD BOOK NUMBER
International Standard Book Number 9780030222993
020 ## - INTERNATIONAL STANDARD BOOK NUMBER
International Standard Book Number 0030222990
041 ## - LANGUAGE CODE
Language code of text/sound track or separate title eng
080 ## - UNIVERSAL DECIMAL CLASSIFICATION NUMBER
Universal Decimal Classification number 573
245 ## - TITLE STATEMENT
Title Biology:
Statement of responsibility, etc Eldra Pearl Solomon; Linda R. Berg; Diana W. Martin;
942 ## - ADDED ENTRY ELEMENTS (KOHA)
Source of classification or shelving scheme
Item type Books
Holdings
Withdrawn status Lost status Source of classification or shelving scheme Damaged status Not for loan Collection code Permanent location Current location Shelving location Date acquired Total Checkouts Full call number Barcode Date last seen Price effective from Koha item type
          Koleksioni i përgjithshem UBT - Lipjan UBT - Lipjan Koleksioni i përgjithshem 05/10/2016   573 SOL 002-028666 05/10/2016 05/10/2016 Books
          Koleksioni i përgjithshem UBT - Lipjan UBT - Lipjan Koleksioni i përgjithshem 10/22/2018   573 SOL 002-3017033 10/22/2018 10/22/2018 Books
UBT Library © 2015-2024. All rights reserved University Education for Business and Technology